000 00643nas a2200217 4500
001 BR8703642
003 BR-BrBNA
005 20231205090703.0
007 ta
008 230509b bl.|||p| |||| 00| 00por d
040 _aBR-BrBNA
_bpor
_cBiblioteca Nacional de Agricultura
041 _a(Pt)
072 _aL73
110 1 _aInstituto Estadual de Saude Animal, Belo Horizonte, MG (Brasil)
_96338
245 1 _aDoencas transmissiveis ao homem
650 _aTUBERCULOSE
650 _aPROFILAXIA
773 0 _tIESACAO (Brazil)
_x
_g(Jul-Aug 1982), (no. 19) p. 4
_wBR8703642
909 _a202311
_bLúcia
_c55
_dLúcia Elande
942 _2AGRIS
_n0
_cANA
999 _c120260
_d120260